| 000 | 00666nam a2200217 a 4500 | ||
|---|---|---|---|
| 005 | 20240925065300.0 | ||
| 008 | 010829s1998 es r 000 0 spa d | ||
| 020 | _a8481912212 | ||
| 035 | _aUPN01000110678 | ||
| 049 | _aCG | ||
| 050 | 4 |
_aBC177 _bC5.88 |
|
| 100 | 1 |
_aChatelet, Francois, _d1925- |
|
| 245 | 1 | 4 |
_aUna historia de la razón : _bconversaciones con Emile Noel / _cFrancois Chatelet ; tr. Alicia Olabuenaga. |
| 260 |
_aValencia, Esp. : _bPre-textos, _c1998. |
||
| 300 | _a214 p. | ||
| 440 | 0 |
_aPt. Ensayos ; _v372 |
|
| 534 |
_pTraducción de : _tUne histoire de la raison |
||
| 650 | 0 |
_aRazón _920745 |
|
| 650 | 2 |
_aRacionalismo _920190 |
|
| 905 | _aLibro | ||
| 999 |
_c84587 _d84587 |
||